| 000 | 01033nam a2200265Ia 4500 | ||
|---|---|---|---|
| 003 | OSt | ||
| 005 | 20221005105752.0 | ||
| 006 | a|||||r|||| 00| 0 | ||
| 007 | ta | ||
| 008 | 221004b |||||||| |||| 00| 0 hin d | ||
| 020 |
_a9788173095481 (hbk) _c250 |
||
| 024 | _a12888 | ||
| 037 |
_b1137, 20/03/2014, Anamika Publishers & Distributors Pvt. Ltd. _cTextual |
||
| 040 |
_aCRL _cCRL _bhin |
||
| 041 |
_2hin _ahin |
||
| 082 | _aV2:51.N5, 152L0;Q1 | ||
| 100 | _aसेकसरिया, सीताराम | ||
| 245 | 0 | _aबीता युग नई याद | |
| 246 | _aBītā yug naī yāda | ||
| 260 |
_aनई दिल्ली _bसस्ता साहित्य मण्डल प्रकाशन भारत _c2011 |
||
| 300 |
_a218पृ0 _ccm. |
||
| 650 | _aविश्व-इतिहास | ||
| 942 |
_hV2:51.N5, 152L0;Q1 _cTEXL _2cc |
||
| 999 |
_c1016854 _d1016854 |
||